Prénoms filles 2011 - Statistiques

Statistiques générales
  • Ce quiz a été pris 185 fois
  • Le résultat moyen est 47 sur 100
Statistiques - réponses
Hint Lettre Prénoms % Correct
25 L Lou
90%
1 E Emma
89%
46 J Julie
87%
9 Z Zoé
86%
2 L Léa
84%
41 M Marie
79%
4 C Chloé
78%
7 L Louise
77%
28 A Anna
74%
77 S Sara
73%
50 C Camille
72%
6 J Jade
72%
20 J Juliette
72%
3 M Manon
72%
14 R Romane
71%
5 L Lola
70%
48 P Pauline
66%
38 E Élise
63%
15 I Inès
63%
26 J Jeanne
63%
31 L Lisa
63%
12 L Lucie
63%
11 C Clara
62%
13 L Lilou
62%
39 J Julia
61%
23 A Alice
60%
30 C Charlotte
60%
47 L Laura
60%
8 L Léna
59%
68 V Valentine
59%
62 E Élisa
58%
16 L Lina
57%
19 S Sarah
57%
59 E Émilie
56%
17 E Eva
56%
35 R Rose
56%
32 N Nina
53%
40 L Lily
52%
21 C Clémence
51%
65 L Lise
51%
37 N Noémie
51%
36 O Océane
51%
27 L Louane
50%
10 L Louna
49%
42 M Mathilde
49%
79 E Éloïse
46%
52 J Justine
46%
94 V Victoire
46%
24 A Ambre
45%
51 M Maëlle
45%
45 A Alicia
43%
44 E Elena
43%
98 M Marion
43%
18 A Anaïs
42%
53 M Margot
42%
83 O Olivia
42%
86 V Victoria
42%
76 Y Yasmine
41%
82 H Héloïse
40%
22 M Maëlys
40%
34 M Margaux
40%
95 Z Zélie
40%
57 E Elsa
39%
43 L Luna
39%
54 A Agathe
37%
33 C Célia
37%
29 L Léonie
37%
75 M Mila
37%
73 S Sofia
36%
66 E Emy
34%
55 L Lana
34%
100 M Morgane
33%
56 M Maeva
32%
61 A Adèle
31%
90 C Cloé
31%
64 L Léana
31%
58 L Léane
31%
60 M Mélissa
31%
63 G Gabrielle
30%
72 M Maya
30%
71 E Éléa
29%
70 C Capucine
28%
84 E Elina
28%
87 E Emmy
27%
49 M Mélina
27%
80 M Méline
27%
74 F Faustine
25%
69 S Salomé
25%
85 I Inaya
23%
91 A Anaé
22%
88 A Apolline
22%
81 T Thaïs
22%
78 A Aya
19%
96 E Enora
19%
67 A Anaëlle
17%
92 L Lyna
16%
89 E Enola
14%
97 A Assia
13%
99 L Lylou
8%
93 M Manël
4%
Aucun quiz correspondant
Distribution des résultats
% des personnes avec chaque résultat
Percentile par nombre de réponses
Votre historique - résultats
Vous n’avez pas pris ce quiz